000 00435 a2200133 4500
001 ART_45669
005 20260410162006.0
008 260409a
245 1 0 _aAnálisis de los vicios de la voluntad en el Código Civil y Comercial
100 1 _aTanzi, Silvia Y.
700 1 _aCorna, Pablo M.
700 1 _aFossaceca, Carlos Alberto (h)
773 0 _tTemas de derecho civil
_g- Año 4, Nº 2 (feb. 2018)
_wREV34778
999 _c31722
_d31722